SWAMI CHINMAYANANDA READER (Record no. 382047)

MARC details
000 -LEADER
fixed length control field 00380nam a2200145Ia 4500
008 - FIXED-LENGTH DATA ELEMENTS--GENERAL INFORMATION
fixed length control field 100122s9999 xx 000 0 und d
082 ## - DEWEY DECIMAL CLASSIFICATION NUMBER
Item number 70299
Classification number 181.4
100 ## - MAIN ENTRY--PERSONAL NAME
Personal name RAINA THAPAN ANITA
245 ## - TITLE STATEMENT
Title SWAMI CHINMAYANANDA READER
260 ## - PUBLICATION, DISTRIBUTION, ETC. (IMPRINT)
Name of publisher, distributor, etc PENGUIN BOOKS
Date of publication, distribution, etc 2006
300 ## - PHYSICAL DESCRIPTION
Extent 278
630 ## - SUBJECT ADDED ENTRY--UNIFORM TITLE
Uniform title SWAMI CHINMAYANANDA READER
730 ## - ADDED ENTRY--UNIFORM TITLE
Uniform title SWAMI CHINMAYANANDA READER
942 ## - ADDED ENTRY ELEMENTS (KOHA)
Koha item type Book
Holdings
Withdrawn status Lost status Damaged status Not for loan Home library Current library Date acquired Cost, normal purchase price Total Checkouts Full call number Barcode Date last seen Cost, replacement price Price effective from Koha item type Public note
        S.V. Pathak Library, Vile Parle S.V. Pathak Library, Vile Parle 10/28/2006 295.00   70299 SVPPARLE-70299 01/25/2010 295.00 01/25/2010 Book ", , Edited, NA"